Star Wars Lightsabers - Click Quiz - Statistics

General Stats
  • This quiz has been taken 359 times
  • The average score is 16 of 20
Answer Stats
Hint Answer % Correct
Darth Vader Red
94%
Yoda Green
93%
Darth Maul Red
92%
Kylo Ren Red
92%
Obi-Wan Kenobi Blue
91%
Mace Windu Purple
91%
Darth Sidious Red
91%
Darth Tyranus Red
91%
Qui-Gon Jinn Green
87%
Plo Koon Blue
83%
Yaddle Green
81%
Kit Fisto Green
80%
Din Djarin Black
78%
Aayla Secura Blue
76%
Kanan Jarrus Blue
75%
Shaak Ti Blue
73%
Luminara Unduli Green
71%
Tarre Vizsla Black
67%
Quinlan Vos Green
62%
Barriss Offee Blue
58%
No matching quizzes found
Score Distribution
Percent of People with Each Score
Percentile by Number Answered
Your Score History
You have not taken this quiz